Statistics for Boxing Quiz 2017 #3

Click here to take the quiz!

General Stats

  • This quiz has been taken 74 times
  • The average score is 7 of 15

Answer Stats

Record, Birthplace, 25th Pro OpponentAnswer% Correct
49-0, Grand Rapids, Diego CorralesMayweather
92%
56-5, Louisville, Brian LondonAli
79%
50-6, Brooklyn, Marvis FrazierTyson
73%
103-16, Panama. Benny HuertasDuran
70%
46-0, London, Juan Carlos Giménez FerreyraCalzaghe
65%
41-2-1, London, Phil JacksonLewis
57%
107-6-2, Sonora, Ramon PerazaChavez
46%
45-2, Belovodskoye, Herbie HideKlitschko
40%
76-5, Marshall, Mel TurnbowForeman
37%
45-3, Stockport, John BaileyHatton
32%
62-3-2, Newark, Lamont LoveladyHagler
30%
39-6, Los Angeles, David KamauDe la Hoya
29%
36-3-1, Wilmington, Andy PriceLeonard
29%
31-2, Serov, Miguel Angel GonzalezTszyu
10%
43-5, Saint Elizabeth, Ralph TwinningHoneyghan
3%

Score Distribution

Percentile by Number Answered

Percent of People with Each Score

Your Score History

You have not taken this quiz